00440nam a2200109Ia 4500008004100000020001800041050002400059245014400083260006200227300001300289650002800302120721s9999 xx 000 0 und d a970-712-558-6 aCDROM 88 UI.TLAHUAC aNormativa en materia archivística (segunda versión) / Poder Judicial de la Federación, Suprema Corte de Justicia de la Nación, 2006 aMéxico : Suprema Corte de Justicia de la Nación, 2006 a1 cd-rom a1. Archivos - normasÌ